000 00595nam a2200241 a 4500
001 nice12345678
003 IN_TiNIC
005 20260116012142.0
008 050524s1931 teha grp 000 0 per
020 _a
_c100
082 0 0 _a241
_bLEV3
100 _aLevonian, Lotfi
245 _aManbeh-I-Quwwa-I-Mazhab Der Koja Ast
260 _aTehran
_bMatba Brokheem
_c1931
300 _a20p
500 _aincludes index and biblioraphy
505 2 _aHand Written Manuscript
650 _aChristian-Ethics
700 1 _aLevonian, Lotfi
902 _bSRS
942 _cBK
999 _c5848
_d5848